| 000 | 00667nam a2200205Ia 4500 | ||
|---|---|---|---|
| 008 | 240729s9999 xx 000 0 und d | ||
| 022 | _a1445-7377 | ||
| 245 | 4 | _aThe Indo-Pacific Journal of Phenomenology | |
| 260 | _aUnited Kingdom | ||
| 260 | _bTaylor & Francis | ||
| 650 | _a Internal medicine | ||
| 650 | _a Neurology. Diseases of the nervous system | ||
| 650 | _a Neurosciences. Biological psychiatry. Neuropsychiatry | ||
| 650 | _a Psychiatry | ||
| 650 | _a Therapeutics. Psychotherapy | Philosophy. Psychology. Religion | ||
| 650 | _aMedicine | ||
| 856 | _uhttps://doaj.org/toc/786b22932f9944e283b8507b7ba6f059 | ||
| 942 | _2ddc | ||
| 942 | _cDOAJEJ | ||
| 999 |
_c67030 _d67030 |
||
| 945 |
_a1 _bMadushi Gamage _c1 _dMadushi Gamage |
||